Studying and researching with social media / (Record no. 19239)
[ view plain ]
| 000 -LEADER | |
|---|---|
| fixed length control field | 00839cam a22002655a 4500 |
| 001 - CONTROL NUMBER | |
| control field | 17899671 |
| 005 - DATE AND TIME OF LATEST TRANSACTION | |
| control field | 20150506112948.0 |
| 008 - FIXED-LENGTH DATA ELEMENTS--GENERAL INFORMATION | |
| fixed length control field | 130926s2014 cau frb 001 0 eng d |
| 020 ## - INTERNATIONAL STANDARD BOOK NUMBER | |
| International Standard Book Number | 9781446269718 (hardcover : alk. paper) |
| 020 ## - INTERNATIONAL STANDARD BOOK NUMBER | |
| International Standard Book Number | 9781446269725 (pbk. : alk. paper) |
| 040 ## - CATALOGING SOURCE | |
| Original cataloging agency | DLC |
| Language of cataloging | eng |
| Transcribing agency | DLC |
| Modifying agency | EG-ScBUE |
| 082 04 - DEWEY DECIMAL CLASSIFICATION NUMBER | |
| Edition number | 22 |
| Item number | POO |
| Classification number | 371.3344678 |
| 100 1# - MAIN ENTRY--PERSONAL NAME | |
| Personal name | Poore, Megan. |
| 9 (RLIN) | 37774 |
| 245 10 - TITLE STATEMENT | |
| Title | Studying and researching with social media / |
| Statement of responsibility, etc | Megan Poore. |
| 260 ## - PUBLICATION, DISTRIBUTION, ETC. (IMPRINT) | |
| Place of publication, distribution, etc | Los Angeles : |
| Name of publisher, distributor, etc | SAGE, |
| Date of publication, distribution, etc | 2014. |
| 300 ## - PHYSICAL DESCRIPTION | |
| Extent | xiii, 239 p. ; |
| Dimensions | 24 cm. |
| 490 0# - Series Statement | |
| Series statement | SAGE study skills |
| 500 ## - GENERAL NOTE | |
| General note | Index : p. 229-239. |
| 504 ## - BIBLIOGRAPHY, ETC. NOTE | |
| Bibliography, etc | Bibliography : p. 223-228. |
| 650 #7 - SUBJECT ADDED ENTRY--TOPICAL TERM | |
| Source of heading or term | BUEsh |
| Topical term or geographic name as entry element | Internet in education. |
| 9 (RLIN) | 37775 |
| 651 ## - SUBJECT ADDED ENTRY--GEOGRAPHIC NAME | |
| Source of heading or term | BUEsh |
| 653 ## - INDEX TERM--UNCONTROLLED | |
| Resource For college | Communication and mass media |
| Arrived date list | April2015 |
| -- | May2015 |
| 655 ## - INDEX TERM--GENRE/FORM | |
| Form subdivision | |
| -- | 34232 |
| 942 ## - ADDED ENTRY ELEMENTS (KOHA) | |
| Source of classification or shelving scheme | Dewey Decimal Classification |
| Call number prefix | 371.3344678 POO |
| Withdrawn status | Item status | Source of classification or shelving scheme | Damaged status | Not for loan | Vendor | Home library | Current library | Shelving location | Date acquired | Source of acquisition | Cost, normal purchase price | Serial Enumeration / chronology | Total Checkouts | Full call number | Barcode | Date last seen | Date last borrowed | Cost, replacement price | Koha item type |
|---|---|---|---|---|---|---|---|---|---|---|---|---|---|---|---|---|---|---|---|
| Dewey Decimal Classification | Alahram | Central Library | Central Library | First floor | 29/04/2015 | 240.00 | 331 | 1 | 371.3344678 POO | 000038090 | 15/07/2025 | 23/10/2016 | 300.00 | Book - Borrowing | |||||
| Dewey Decimal Classification | Alahram | Central Library | Central Library | First floor | 12/05/2015 | 240.00 | 332 | 2 | 371.3344678 POO | 000038192 | 15/07/2025 | 23/10/2016 | 300.00 | Book - Borrowing |